00668 2200253 4500001002100000005001500021035002500036020002200061040001200083082001700095084001900112100001400131245003500145250001000180260003600190300003700226504002700263650002300290850001200313090002200325090002300347999002200370990002200392INLIS00000000003120320191028104238 a0010-091700000000571 a978-602-401-847-4 aYOPDYOG04223a621.3192 a621.3192 KOK r0 aKoko Joni10aRangkaian listrik /cKoko Joni aCet.1 aYogyakarta :bDeepublish,c2016 aviii, 156 hlm. :bilus. ;c23 cm aBibliografi : hlm. 156 aListrik, Rangkaian aYOPDYOG aCB-D.11 2016-2489 aDEP 621.3192 KOK r aCB-D.11/2016-2489 aCB-D.11/2016-2489